000 00253nam a22001217a 4500
008 170719b xxu||||| |||| 00| 0 eng d
041 _aeng
080 _a2
100 _a24
101 _aTEO
245 _aBIBLICAL HEBREW
_cMANSOOR, M
942 _2udc
_cBK
999 _c21631
_d21631